Topics in Theoretical and Applied Statistics

This book highlights the latest research findings from the 46th International Meeting of the Italian Statistical Society (SIS) in Rome, during which both methodological and applied statistical research was discussed. This selection of fully peer-reviewed papers, originally presented at the meeting,...

Full description

Bibliographic Details
Corporate Author: SpringerLink (Online service)
Other Authors: Alleva, Giorgio (Editor), Giommi, Andrea (Editor)
Format: Electronic eBook
Language:English
Published: Cham : Springer International Publishing : Imprint: Springer, 2016.
Series:Studies in Theoretical and Applied Statistics
Subjects:
Online Access:Full Text via HEAL-Link
LEADER 02540nam a22004815i 4500
001 978-3-319-27274-0
003 DE-He213
005 20160519132910.0
007 cr nn 008mamaa
008 160519s2016 gw | s |||| 0|eng d
020 |a 9783319272740  |9 978-3-319-27274-0 
024 7 |a 10.1007/978-3-319-27274-0  |2 doi 
040 |d GrThAP 
050 4 |a QA276-280 
072 7 |a PBT  |2 bicssc 
072 7 |a MAT029000  |2 bisacsh 
082 0 4 |a 519.5  |2 23 
245 1 0 |a Topics in Theoretical and Applied Statistics  |h [electronic resource] /  |c edited by Giorgio Alleva, Andrea Giommi. 
264 1 |a Cham :  |b Springer International Publishing :  |b Imprint: Springer,  |c 2016. 
300 |a XI, 315 p. 40 illus., 18 illus. in color.  |b online resource. 
336 |a text  |b txt  |2 rdacontent 
337 |a computer  |b c  |2 rdamedia 
338 |a online resource  |b cr  |2 rdacarrier 
347 |a text file  |b PDF  |2 rda 
490 1 |a Studies in Theoretical and Applied Statistics 
505 0 |a Part I Statistical Theory and Methods -- Part II Data Mining and Multivariate Data Analysis -- Part III Sampling and Estimation Methods -- Part IV Social Statistics, Demography and Health Data -- Part V Economic Statistics and Econometrics. . 
520 |a This book highlights the latest research findings from the 46th International Meeting of the Italian Statistical Society (SIS) in Rome, during which both methodological and applied statistical research was discussed. This selection of fully peer-reviewed papers, originally presented at the meeting, addresses a broad range of topics, including the theory of statistical inference; data mining and multivariate statistical analysis; survey methodologies; analysis of social, demographic and health data; and economic statistics and econometrics. 
650 0 |a Statistics. 
650 0 |a Demography. 
650 1 4 |a Statistics. 
650 2 4 |a Statistical Theory and Methods. 
650 2 4 |a Statistics for Business/Economics/Mathematical Finance/Insurance. 
650 2 4 |a Statistics for Social Science, Behavorial Science, Education, Public Policy, and Law. 
650 2 4 |a Demography. 
700 1 |a Alleva, Giorgio.  |e editor. 
700 1 |a Giommi, Andrea.  |e editor. 
710 2 |a SpringerLink (Online service) 
773 0 |t Springer eBooks 
776 0 8 |i Printed edition:  |z 9783319272726 
830 0 |a Studies in Theoretical and Applied Statistics 
856 4 0 |u http://dx.doi.org/10.1007/978-3-319-27274-0  |z Full Text via HEAL-Link 
912 |a ZDB-2-SMA 
950 |a Mathematics and Statistics (Springer-11649)